El hombre vence a los microbios (Registro nro. 145695)

Detalles MARC
000 -LEADER
campo de control de longitud fija 00589nam a2200169 i 4500
001 - NÚMERO DE CONTROL
campo de control 145695
003 - IDENTIFICADOR DE NÚMERO DE CONTROL
campo de control ES-MaACL
007 - CAMPO FIJO DE DESCRIPCIÓN FÍSICA--INFORMACIÓN GENERAL
campo de control de longitud fija t|
008 - DATOS DE LONGITUD FIJA--INFORMACIÓN GENERAL
campo de control de longitud fija 071016s1943 sp ||||1| spa d
080 ## - NÚMERO DE LA CLASIFICACIÓN DECIMAL UNIVERSAL
Número de la Clasificación Decimal Universal 616-022
100 1# - ENTRADA PRINCIPAL--NOMBRE DE PERSONA
Nombre de persona Venzmer, Gerhard.
9 (RLIN) 113935
245 13 - MENCIÓN DEL TÍTULO
Título El hombre vence a los microbios
Resto del título : la lucha contra un mundo infinitamente pequeño /
Mención de responsabilidad, etc. Gerhard Venzmer ; traducción directa del alemán por Fermín Fernández.
260 ## - PUBLICACIÓN, DISTRIBUCIÓN, ETC.
Lugar de publicación, distribución, etc. Barcelona :
Nombre del editor, distribuidor, etc. Joaquín Gil,
Fecha de publicación, distribución, etc. [1943]
300 ## - DESCRIPCIÓN FÍSICA
Extensión 272 p. :
Otras características físicas il. ;
Dimensiones 21 cm.
700 1# - ENTRADA AGREGADA--NOMBRE PERSONAL
Nombre de persona Fernandez, Fermín.
9 (RLIN) 49360
852 ## - LOCALIZACIÓN
Ubicación ES-MaACL
Número de control de estantería E-228
Sublocalización o colección R.20753
Existencias
Estatus retirado Estado de pérdida Estado de daño No para préstamo Biblioteca de origen Biblioteca actual Ubicación en estantería Fecha de adquisición Fuente de adquisición Total de préstamos Signatura topográfica completa Código de barras Visto por última vez Precio de reemplazo Tipo de ítem Koha
        Biblioteca del Ateneo de Madrid Biblioteca del Ateneo de Madrid Depósito 2 17/01/2008     E-228 1152084 23/02/2023 23/02/2023 Libro impreso